Podział administracyjny Mongolii - Statystyki

Ogólne statystyki
  • Ten quiz został rozwiązany 79 razy
  • Średni wynik to 2 z 22
Statystyki odpowiedzi
Ajmak Odpowiedź % Poprawnych
Miasto Ułan Bator
97%
14 południowogobijski
13%
20 wschodni
13%
9 gobijsko-ałtajski
9%
18 środkowogobijski
9%
21 wschodniogobijski
9%
1 bajanchongorski
6%
4 centralny
6%
10 gobijsko-sumberski
6%
2 bajanolgijski
3%
3 bulgański
3%
5 chentejski
3%
6 chubsugulski
3%
7 darchański
3%
8 dzawchański
3%
11 kobdoski
3%
12 orchoński
3%
15 północnochangajski
3%
13 południowochangajski
3%
16 selengijski
3%
17 suchebatorski
3%
19 uwski
3%
Nie znaleziono quizów pasujących do podanych kryteriów
Rozkład punktacji
Procent ludzi z każdym wynikiem
Percentyl według liczby udzielonych odpowiedzi
Twoja historia wyników
Nie rozwiązałeś tego quizu